000 00343nam a2200145 i 4500
001 bg
100 1 _aRUBIN, M.
245 0 _aKommutacionnye sistemy setej sjazu /
_cM. Rubin, K. Choller.
260 _aMoskwa,
_c1972.
700 1 _aCHOLLER, K.
040 _cBPK
041 _apol
942 _cKS
008 s pl f |000 0 pol
999 _c15048
_d15048
856 _uhttp://koha.tu.koszalin.pl/cgi-bin/koha/opac-detail.pl?biblionumber=15048
_yKatalog online BPK